000 00358cam a22001217a 4500
008 180718b1953 xxu||||| |||| 00| 0 eng d
082 _aB5x42 R576
100 _aRobson, William A.
245 _aThe British system of government
_cby William A. Robson
260 _aLondon
_bLongmans
_c1953
300 _a47p.
650 _aGreat Britain --Politics and government
999 _c430560
_d430560